أثر الافصاح عن المسؤولية الاجتماعية على الميزة التنافسية في البنوك التجارية الاردنية = The Impact of Disclosure of Social Responsibility on the Competitive Advantage in Jordanian Commercial Banks / (Record no. 33318)
[ view plain ]
| 000 -LEADER | |
|---|---|
| fixed length control field | 01162nam a22002057a 4500 |
| 003 - CONTROL NUMBER IDENTIFIER | |
| control field | JO-AjAnu |
| 005 - DATE AND TIME OF LATEST TRANSACTION | |
| control field | 20240605113547.0 |
| 008 - FIXED-LENGTH DATA ELEMENTS--GENERAL INFORMATION | |
| fixed length control field | 240323b jo ||||| |||| 00| 0 ara d |
| 040 ## - CATALOGING SOURCE | |
| Original cataloging agency | JO-AjAnu |
| Language of cataloging | ara |
| Transcribing agency | JO-AjAnu |
| Modifying agency | JO-AjAnu |
| Description conventions | rda |
| 041 #0 - LANGUAGE CODE | |
| Language code of text/sound track or separate title | ara |
| Language code of original | ara |
| 050 4# - LIBRARY OF CONGRESS CALL NUMBER | |
| Classification number | HG1615 |
| Item number | 2024 |
| 100 #1 - MAIN ENTRY--PERSONAL NAME | |
| Personal name | ابو زهرة، حسين حسين محمود |
| Relator term | معد |
| 9 (RLIN) | 65071 |
| 245 #0 - TITLE STATEMENT | |
| Title | أثر الافصاح عن المسؤولية الاجتماعية على الميزة التنافسية في البنوك التجارية الاردنية = The Impact of Disclosure of Social Responsibility on the Competitive Advantage in Jordanian Commercial Banks / |
| Statement of responsibility, etc. | اعداد حسين حسين محمود ابو زهرة ؛ اشراف ليث محمد العريان |
| 260 ## - PUBLICATION, DISTRIBUTION, ETC. | |
| Date of publication, distribution, etc. | 2024 |
| 300 ## - PHYSICAL DESCRIPTION | |
| Extent | 91 ورقة |
| 501 ## - WITH NOTE | |
| With note | رسالة جامعية (ماجستير محاسبة) - جامعة عجلون الوطنية (عجلون ، الاردن)، كلية الاعمال، 2024. |
| 650 #0 - SUBJECT ADDED ENTRY--TOPICAL TERM | |
| Topical term or geographic name entry element | البنوك - ادارة - جوانب اجتماعية - الاردن. |
| 9 (RLIN) | 65073 |
| 700 #1 - ADDED ENTRY--PERSONAL NAME | |
| Personal name | العريان، ليث عبدالله محمد |
| Relator term | مشرف |
| 9 (RLIN) | 65074 |
| 942 ## - ADDED ENTRY ELEMENTS (KOHA) | |
| Source of classification or shelving scheme | Library of Congress Classification |
| Koha item type | Thesis |
| Suppress in OPAC | No |
| Withdrawn status | Lost status | Source of classification or shelving scheme | Damaged status | Not for loan | Home library | Current library | Date acquired | Total Checkouts | Full call number | Barcode | Date last seen | Price effective from | Koha item type |
|---|---|---|---|---|---|---|---|---|---|---|---|---|---|
| Library of Congress Classification | مكتبة جامعة عجلون الوطنية | مكتبة جامعة عجلون الوطنية | 23/03/2024 | HG1615 2024 | a29794 | 23/03/2024 | 23/03/2024 | Thesis | |||||
| Library of Congress Classification | مكتبة جامعة عجلون الوطنية | مكتبة جامعة عجلون الوطنية | 23/03/2024 | HG1615 2024 | a29795 | 23/03/2024 | 23/03/2024 | Thesis |